| 000 -LEADER |
| fixed length control field |
nam a22 a 4500 |
| 003 - CONTROL NUMBER IDENTIFIER |
| control field |
AKMAL |
| 005 - DATE AND TIME OF LATEST TRANSACTION |
| control field |
20170522122555.0 |
| 008 - FIXED-LENGTH DATA ELEMENTS--GENERAL INFORMATION |
| fixed length control field |
170522s2009 my | e | 000 0 may d |
| 020 ## - INTERNATIONAL STANDARD BOOK NUMBER |
| International Standard Book Number |
9789676121929 (kkt.) : |
| Terms of availability |
RM18.00 |
| 020 ## - INTERNATIONAL STANDARD BOOK NUMBER |
| International Standard Book Number |
9789676021929 |
| 039 #9 - LEVEL OF BIBLIOGRAPHIC CONTROL AND CODING DETAIL [OBSOLETE] |
| Level of rules in bibliographic description |
201008061441 |
| Level of effort used to assign nonsubject heading access points |
manoriah |
| Level of effort used to assign subject headings |
200905250949 |
| Level of effort used to assign classification |
anisatul |
| Level of effort used to assign subject headings |
200905222005 |
| Level of effort used to assign classification |
nooraini |
| Level of effort used to assign subject headings |
200904200852 |
| Level of effort used to assign classification |
norsyahiza |
| 040 ## - CATALOGING SOURCE |
| Original cataloging agency |
AKMAL |
| Transcribing agency |
AKMAL |
| 049 ## - LOCAL HOLDINGS (OCLC) |
| Holding library |
klpmal |
| 082 04 - DEWEY DECIMAL CLASSIFICATION NUMBER |
| Classification number |
658.4013 MUM |
| Edition number |
22 |
| 090 00 - LOCALLY ASSIGNED LC-TYPE CALL NUMBER (OCLC); LOCAL CALL NUMBER (RLIN) |
| Classification number (OCLC) (R) ; Classification number, CALL (RLIN) (NR) |
658.4013 |
| Local cutter number (OCLC) ; Book number/undivided call number, CALL (RLIN) |
MUM |
| 090 20 - LOCALLY ASSIGNED LC-TYPE CALL NUMBER (OCLC); LOCAL CALL NUMBER (RLIN) |
| Classification number (OCLC) (R) ; Classification number, CALL (RLIN) (NR) |
658.4013 |
| Local cutter number (OCLC) ; Book number/undivided call number, CALL (RLIN) |
MUM |
| 100 0# - MAIN ENTRY--PERSONAL NAME |
| Personal name |
Mumtaz Begam Abdul Kadir |
| 9 (RLIN) |
6436 |
| 245 10 - TITLE STATEMENT |
| Title |
Integriti peningkatan kualiti organisasi / |
| Statement of responsibility, etc. |
Mumtaz Begam Abdul Kadir, Mohammed Sani Ibrahim |
| 260 ## - PUBLICATION, DISTRIBUTION, ETC. |
| Place of publication, distribution, etc. |
Kuala Lumpur : |
| Name of publisher, distributor, etc. |
Utusan Publications & Distributors, |
| Date of publication, distribution, etc. |
2009 |
| 300 ## - PHYSICAL DESCRIPTION |
| Extent |
174ms. ; |
| Dimensions |
22cm. |
| 504 ## - BIBLIOGRAPHY, ETC. NOTE |
| Bibliography, etc. note |
Bibliografi : ms. 166-170 |
| 650 10 - SUBJECT ADDED ENTRY--TOPICAL TERM |
| Topical term or geographic name entry element |
Integrity |
| 9 (RLIN) |
471 |
| 650 20 - SUBJECT ADDED ENTRY--TOPICAL TERM |
| Topical term or geographic name entry element |
Organization |
| General subdivision |
Management |
| 9 (RLIN) |
558 |
| 700 0# - ADDED ENTRY--PERSONAL NAME |
| Personal name |
Mohammed Sani Ibrahim |
| 9 (RLIN) |
6810 |
| 942 ## - ADDED ENTRY ELEMENTS (KOHA) |
| Source of classification or shelving scheme |
|
| Koha item type |
Book |